000 00714nam a2200193Ia 4500
003 GCL
008 140319s9999 xx 000 0 ara d
040 _aGCL /
_cGCL
082 0 4 _a012
_bف م
100 1 _aفكرى الجزار (اعداد)
245 1 0 _aمداخل المؤلفين والاعلام العرب حتى عام 1215ه 1800م /
_cفكرى الجزار (اعداد)
260 _a[S.N] :
_bمكتبة الملك فهد الوطنية ،
_c1991
300 _a625 ص
490 _aمطبوعات مكتبة الملك فهد الوطنية
_v0
650 0 4 _aاعلام العرب
650 0 4 _aالمؤلفون العرب
650 0 4 _aالببليوجرافيا الذاتية
942 _2ddc
_cBK
999 _c35781
_d35781